Jeunes et violences
| Tipo de documento: | Print Libro |
|---|---|
| Lenguaje: | Francés |
| Publicado: |
Mons
Service Social dans le Monde
1995
|
| En: |
Les politiques sociales (Vol. 54, No. 3/4)
Año: 1995 |
| Disponibilidad en Tübingen: | Disponible en Tübingen. UB: KB 8 E 6221 |
| Verificar disponibilidad: | HBZ Gateway |
| Servicio de pedido Subito: | Pedir ahora. |
| Palabras clave: |
MARC
| LEADER | 00000cam a2200000 c 4500 | ||
|---|---|---|---|
| 001 | 112278726X | ||
| 003 | DE-627 | ||
| 005 | 20220516134913.0 | ||
| 007 | tu | ||
| 008 | 960627s1995 xx ||||| 00| ||fre c | ||
| 035 | |a (DE-627)112278726X | ||
| 035 | |a (DE-576)052787265 | ||
| 035 | |a (DE-599)BSZ052787265 | ||
| 035 | |a (OCoLC)312538621 | ||
| 040 | |a DE-627 |b ger |c DE-627 |e rakwb | ||
| 041 | |a fre | ||
| 245 | 0 | 0 | |a Jeunes et violences |
| 264 | 1 | |a Mons |b Service Social dans le Monde |c 1995 | |
| 300 | |a 126 S. | ||
| 336 | |a Text |b txt |2 rdacontent | ||
| 337 | |a ohne Hilfsmittel zu benutzen |b n |2 rdamedia | ||
| 338 | |a Band |b nc |2 rdacarrier | ||
| 490 | 1 | |a Les politiques sociales |v Vol. 54, No. 3/4 | |
| 583 | 1 | |a Archivierung prüfen |c 20200919 |f DE-640 |z 1 |2 pdager | |
| 655 | 7 | |a Konferenzschrift |0 (DE-588)1071861417 |0 (DE-627)826484824 |0 (DE-576)433375485 |2 gnd-content | |
| 830 | 4 | |a Les politiques sociales |v Vol. 54, No. 3/4 |9 54, No. 3/4 |w (DE-627)187948232 |w (DE-576)047827157 |w (DE-600)1262573-5 |x 0037-2641 |7 am | |
| 951 | |a BO | ||
| ELC | |b 1 | ||
| LOK | |0 000 xxxxxcx a22 zn 4500 | ||
| LOK | |0 001 2283825040 | ||
| LOK | |0 003 DE-627 | ||
| LOK | |0 004 112278726X | ||
| LOK | |0 005 19960713000000 | ||
| LOK | |0 008 960627||||||||||||||||ger||||||| | ||
| LOK | |0 040 |a DE-21 |c DE-627 |d DE-21 | ||
| LOK | |0 852 |a DE-21 | ||
| LOK | |0 852 1 |c KB 8 E 6221 |9 00 | ||
| LOK | |0 935 |a krim | ||
| LOK | |0 936ln |a k10.10.6 | ||
| LOK | |0 939 |a 27-06-96 |b l01 | ||
| ORI | |a SA-MARC-krimdoka001.raw | ||
| SIG | |a UB: KB 8 E 6221 | ||
